| 000 | 00575nam a2200181 4500 | ||
|---|---|---|---|
| 003 | LK-CoMWRAF | ||
| 005 | 20231201121210.0 | ||
| 008 | 230923b |||||||| |||| 00| 0 eng d | ||
| 040 |
_aLK-CoMWRAF _dLK-CoMWRAF _eLK-CoMWRAF |
||
| 041 | _aeng | ||
| 082 |
_a297 _bSHA |
||
| 100 | _aෂාහුල්හමීද්. අල්හාජ් ඒ. ඇම්. | ||
| 245 | _aතඃ ලී මුස් සලාත් | ||
| 246 | _aThah lee mus salaath | ||
| 300 | _bඅල් ගසාලි ප්රාකාශකයෝ | ||
| 650 | _aඉස්ලාම් | ||
| 942 | _cCP | ||
| 999 |
_c3627 _d3627 |
||